Responses for Show #2287 - Tuesday, July 12, 1994

1994 Seniors Tournament quarterfinal game 2.

Contestants

[<< previous game]

Frances Taliaferro, a guidance counselor and teacher from New York City, New York

George O'Neal, a retired management analyst from Phoenix, Arizona

Darrell Noe, a postal carrier from Fort Worth, Texas

[next game >>]

Jeopardy! Round responses

POETS
SPORTS NICKNAMES
MUSEUMS
LANGUAGES
WOMEN'S GROUPS
CLICHES
    $100 7
Westminster Abbey

George
    $100 1
Mickey Mantle

Darrell
    $100 6
Kentucky

Frances
    $100 23
Latin

Frances
    $100 26
(Frances: Uh, what is the [*] or the seraglio?)
...
(Alex: Frances, in most cases [*] or seraglio are interchangeable; but only when referring to the place, not to the women's group of wives, mistresses and female servants.)

the harem

DarrellFrances
    $100 16
tacks

Frances
    $200 8
Edgar Allan Poe

George
    $200 2
Willie Shoemaker

Darrell
    $200 14
(Darrell: What is Monte Carlo?)

Monaco

DarrellFrances
    $200 24
Italian

Darrell
    $200 27
Drunk Driving

Darrell
    $200 17
clay

Darrell
    $300 10
Carl Sandburg

George
    $300 3
Knute Rockne

George
    $300 15
Paris

George
    $300 25
(Frances: What is Javanese?)

Indonesia

GeorgeFrances
    $300 28
a sorority

George
    $300 18
your laurels

George
    $400 12
Oliver Cromwell

Darrell
    $400 4
Joe Louis

Darrell
    $400 21
Charleston

George
    $400 9
Japanese

Frances
    $400 29
the D.A.R. (Daughters of the American Revolution)

Darrell
    $400 19
naked truth

Frances
    $500 13
(Lord) Byron

Frances
    $500 5
George Halas

Darrell
    $500 22
St. John's

Darrell
    $500 11
(Darrell: What is French?)

Dutch

DarrellFrances
    $500 30
(Darrell: What is B'nai B'rith?)

Hadassah

DarrellFrances
    $1,000 20
Far from the Madding Crowd

Frances

Scores at the first commercial break (after clue 15):

Darrell George Frances
$900 $1,200 $1,700

Scores at the end of the Jeopardy! Round:

Darrell George Frances
$2,000 $2,500 $3,400

Double Jeopardy! Round responses

ARTISTS
ECONOMICS
FILMS OF THE '50s
19th CENTURY AMERICA
THE ARCTIC
COOKING
    $200 12
ostriches

George
    $200 20
interest

Darrell
    $200 11
(Darrell: What is Ben-Hur?)

The Ten Commandments

DarrellFrances
    $200 29
the Erie Canal

Darrell
    $200 7
a tundra

George
    $200 1
hash

Frances
    $400 17
Norman Rockwell

George
    $400 21
a union

George
    $400 10
The Spirit of St. Louis

Darrell
    $400 25
(Alex: Less than a minute to go.)

(Andrew) Jackson

Darrell
    $400 27
the lemming

Darrell
    $400 2
meringue

George
    $600 18
Whistler

Darrell
    $600 13
tariffs

Darrell
    $600 9
The Hunchback of Notre Dame

Darrell
    $600 22
(John) Marshall

Frances
    $600 28
(George: What is a walrus?)

the narwhal (the narwhale)

George
Triple Stumper
    $600 4
garnish

Darrell
    $800 16
Toulouse-Lautrec

Darrell
    $800 14
consumer price index

Darrell
    $800 8
Shirley Booth

George
    $2,000 23
(John) Tyler

Frances
    $600 26
Canada

Darrell
    $800 5
potatoes au gratin (scalloped potatoes)

Darrell
    $1000 19
the Wyeths

Frances
    $1000 15
gross domestic product

Frances
    $1000 3
12 Angry Men

Darrell
    $1000 24
Joseph Smith

George
    $1000 30
Point Barrow

Darrell
    $1000 6
pot stickers

Darrell

Scores at the end of the Double Jeopardy! Round:

Darrell George Frances
$11,800 $5,300 $8,400

Final Jeopardy! Round responses

NEWSMAKERS
[Audible shocked reaction from the audience when Alex gives the correct response]
GeorgeWho was Jacqui Kennedy
$5,300
FrancesWho is Hillary Clinton?
$8,000
DarrellWho is ?
$800
Chelsea Clinton

Final scores:

Darrell George Frances
$11,000 $0 $400
Automatic semifinalist 3rd place: $1,000 if eliminated 2nd place: $1,000 if eliminated

Game dynamics:

Coryat scores:

Darrell George Frances
$12,000 $5,300 $6,700
27 R
(including 1 DD),
4 W
16 R,
1 W
16 R
(including 2 DDs),
2 W

Combined Coryat: $24,000

[game clues] [game scores] [suggest correction]

Game tape date: 1994-03-07
The J! Archive is created by fans, for fans. Scraping, republication, monetization, and malicious use prohibited; this site may use cookies and collect identifying information. See terms. The Jeopardy! game show and all elements thereof, including but not limited to copyright and trademark thereto, are the property of Jeopardy Productions, Inc. and are protected under law. This website is not affiliated with, sponsored by, or operated by Jeopardy Productions, Inc. Join the discussion at JBoard.tv.